Lyrics to Rub Some Bacon On It by Rhett and Link - Statistics

General Stats
  • This quiz has been taken 22 times
  • The average score is 96 of 260
Answer Stats
Hint Answer % Correct
911
100%
what
94%
i
82%
is
82%
nailed
82%
your
82%
a
76%
bacon
76%
bacon
76%
birdhouse
76%
do
76%
emergency
76%
finger
76%
have
76%
my
76%
some
76%
to
76%
you
76%
bacon
71%
bacon
71%
bacon
71%
dinner
71%
have
71%
i
71%
it
71%
last
71%
left
71%
night
71%
on
71%
right
71%
rub
71%
some
71%
accidentally
65%
bacon
65%
do
65%
from
65%
it
65%
it
65%
just
65%
on
65%
over
65%
rub
65%
some
65%
thats
65%
all
59%
hand
59%
if
59%
is
59%
it
59%
on
59%
thats
59%
there
59%
to
59%
what
59%
what
59%
your
59%
i
53%
bacon
47%
bacon
47%
bacon
47%
bacon
47%
clone
47%
drop
47%
i
47%
it
47%
it
47%
it
47%
it
47%
my
47%
my
47%
on
47%
on
47%
on
47%
on
47%
or
47%
phone
47%
rub
47%
rub
47%
rub
47%
rub
47%
some
47%
some
47%
some
47%
some
47%
bacon
41%
bacon
41%
encounter
41%
get
41%
get
41%
it
41%
it
41%
my
41%
nude
41%
on
41%
on
41%
pics
41%
posted
41%
rub
41%
rub
41%
some
41%
some
41%
yeah
41%
bacon
35%
bacon
35%
bacon
35%
bacon
35%
bacon
35%
bacon
35%
cat
35%
explodes
35%
foreclosed
35%
friend
35%
gets
35%
goes
35%
home
35%
i
35%
i
35%
it
35%
it
35%
it
35%
it
35%
it
35%
it
35%
mononucleosis
35%
my
35%
my
35%
my
35%
on
35%
on
35%
on
35%
on
35%
on
35%
on
35%
rub
35%
rub
35%
rub
35%
rub
35%
rub
35%
rub
35%
some
35%
some
35%
some
35%
some
35%
some
35%
some
35%
steampunk
35%
a
29%
adult
29%
an
29%
an
29%
awkward
29%
bacon
29%
braces
29%
cant
29%
i
29%
i
29%
im
29%
in
29%
it
29%
meet
29%
on
29%
pirates
29%
racist
29%
real
29%
rub
29%
rub
29%
say
29%
silence
29%
some
29%
some
29%
something
29%
swim
29%
theres
29%
trunk
29%
unintentionally
29%
up
29%
wake
29%
with
29%
bacon
24%
im
24%
it
24%
on
24%
bacon
18%
bacon
18%
bacon
18%
bacon
18%
boy
18%
by
18%
hey
18%
it
18%
it
18%
it
18%
it
18%
mr
18%
on
18%
on
18%
on
18%
on
18%
rub
18%
rub
18%
rub
18%
rub
18%
some
18%
some
18%
some
18%
some
18%
timn
18%
visited
18%
yeah
18%
yeah
18%
a
12%
apocalypse
12%
attacked
12%
bacon
12%
bacon
12%
bacon
12%
bacon
12%
bacon
12%
bacon
12%
by
12%
feed
12%
have
12%
hotline
12%
i
12%
i
12%
i
12%
if
12%
im
12%
it
12%
it
12%
it
12%
it
12%
it
12%
might
12%
narwhal
12%
on
12%
on
12%
on
12%
on
12%
on
12%
problem
12%
rub
12%
rub
12%
rub
12%
rub
12%
rub
12%
some
12%
some
12%
some
12%
some
12%
some
12%
started
12%
the
12%
the
12%
think
12%
troll
12%
what
12%
whats
12%
your
12%
sharded
6%
No matching quizzes found
Score Distribution
Percent of People with Each Score
Percentile by Number Answered
Your Score History
You have not taken this quiz